| 000 | 01197nam a2200325 i 4500 | ||
|---|---|---|---|
| 001 | 000021605 | ||
| 003 | DO-SdBNP | ||
| 005 | 20260520085223.0 | ||
| 007 | ta | ||
| 008 | 100909s2003 xxuc 000 0 spa d | ||
| 040 |
_aDO-SdBNP _bspa _cBNPHU _erda |
||
| 041 | _aspa | ||
| 082 | 4 |
_a972.9362 _bM623p _222 |
|
| 100 | 1 |
_aMichel, Pablo V., _eautor _4aut. _944972 |
|
| 245 | 1 | 0 |
_aPerfiles mocanos del ayer / _cPablo V. Michel. |
| 264 | 4 |
_aMiami, Florida : _bEditora Talleres de Ahora Printing, _c2003. |
|
| 300 |
_a215 páginas : _bretratos ; _c22 cm. |
||
| 336 |
_atexto _btxt _2rdacontent |
||
| 337 |
_asin mediación _bn _2rdamedia |
||
| 338 |
_avolumen _bnc _2rdacarrier |
||
| 500 | _aIncluye datos biográficos del autor en la contracubierta | ||
| 504 | _abibliografía : páginas 208-215 | ||
| 590 | _aLa biblioteca posee 1 ejemplar autografiado por el autor. | ||
| 590 | _aInventariado, 2020 / DG | ||
| 650 | 4 |
_aPersonajes famosos _xBiografías _944973 |
|
| 650 | 4 |
_aCiudades y pueblos _zRepública Dominicana _9784 |
|
| 651 | 4 |
_aMoca (República Dominicana{Rpara} _xHistoria Local _97056 |
|
| 651 | 4 |
_aMoca (República Dominicana{Rpara} _xVida social y costumbre _944974 |
|
| 942 |
_2ddc _cLBS1 |
||
| 999 |
_c21104 _d21104 |
||